000 00749cam a22002653a 4500
001 7208
003 PGUSA
005 20140828083142.0
008 050101s2005||||xxu|||||s|||||000 1 eng d
040 _aPGUSA
_beng
042 _adc
050 4 _aPS
100 1 _aMorley, Christopher,
_d1890-1957
245 1 0 _aKathleen
_h[electronic resource] /
_cChristopher Morley
260 _bProject Gutenberg,
_c2005
506 _aPublic domain in the USA.
516 _aElectronic text
653 _aAuthorship -- Fiction
653 _aLondon (England) -- Fiction
653 _aCollege students -- Fiction
653 _aYoung women -- Fiction
830 0 _aProject Gutenberg
_v7208
856 4 0 _uhttp://www.gutenberg.org/ebooks/7208
942 _cEB
999 _c236528
_d236528